00000000cam 2200000zi 4500
0019.958093
003CaOODSP
00520260604151829
006m     o  d f      
007cr |n|||||||||
008251209s1978    onc     o    f000 0 eng d
040 |aCaOODSP|beng|erda|cCaOODSP
043 |an-cn---
0861 |aJS42-126/1978E-PDF
24500|aGun control in Canada : |bworking together to save lives.
264 1|a[Ottawa] : |b[Solicitor General Canada], |c[1978]
300 |a1 online resource (17 pages)
336 |atext|btxt|2rdacontent
337 |acomputer|bc|2rdamedia
338 |aonline resource|bcr|2rdacarrier
500 |aDigitized edition from print [produced by Public Safety Canada].
500 |aIssued also in French under title: Le contrôle des armes à feu au Canada : l'important c'est la vie.
650 0|aFirearms|xLaw and legislation|zCanada.
7101 |aCanada. |bSolicitor General Canada, |eissuing body
77508|tLe contrôle des armes à feu au Canada : |w(CaOODSP)9.963313
85640|qPDF|s431 KB|uhttps://publications.gc.ca/collections/collection_2026/sp-ps/JS42-126-1978-eng.pdf